000 00469nam a2200169Ia 4500
003 GCL
005 20240530102444.0
008 140319s9999 xx 000 0 ara d
040 _aGCL /
_cGCL
082 0 4 _a811.094
_bو ل
100 1 _aوديع سعاده
245 1 0 _aليس للمساء اخوة /
_cوديع سعاده
260 _a[S.N] :
_bالمؤسسة الحديثة للكتاب ،
_c1981
300 _a58 ص
650 0 4 _aالشعر
942 _2ddc
_cBK
999 _c32346
_d32346